000 00556nam a22001937a 4500
003 MPLRDC
005 20220104200706.0
008 210129b ||||| |||| 00| 0 eng d
020 _a978-957-13-6657-9
082 _a719.31 RXWE
100 _a热血威尔 等
245 _a没玩过这些地方,别再说你懂日本!
_c林芳如 主编
250 _a初版一刷
260 _a台湾
_b时报文化出版企业股份有限公司
_c2016
300 _b
520 _a上架 2016-12-01。
650 _a日本游记
942 _cBK
_o719.31 RXWE
999 _c66816
_d66806